Top 20 Star Wars Characters - Statistics

General Stats
  • This quiz has been taken 498 times
  • The average score is 16 of 20
Answer Stats
Rank Character First Movie Lat Movie (So Far) Title/Species Weapon/Power % Correct
#1 Darth Vader The Phantom Menace Return of the Jedi Sith Lord Red Lightsaber
98%
#5 Han Solo A New Hope The Force Awakens Smuggler/Pilot Blaster
96%
#3 Ben Kenobi The Phantom Menace Return of the Jedi Jedi Master Blue Lightasber
95%
#2 Luke Skywalker Revenge of the Sith The Force Awakens Jedi Guardian Green Lightsaber
94%
#6 Chewbacca Revenge of the Sith The Force Awakens Wookie Blaster
93%
#7 R2-D2 A New Hope The Force Awakens Droid Buzz Saw
93%
#4 Yoda The Phantom Menace Return of the Jedi Jedi Master Green Lightsaber
93%
#9 Darth Maul The Phantom Menace Phantom Menace Sith Apprentice Red Lightsaber
90%
#8 Boba Fett Attack of the Clones Return of the Jedi Bounty Hunter Blasters/Jetpack
89%
#12 C-3PO The Phantom Menace The Force Awakens Droid None
87%
#11 Princess Leia Revenge of the Sith The Force Awakens Jedi Knight Lightsaber
80%
#19 Mace Windu Attack of the Clones Revenge of the Sith Jedi Master Purple Lightsaber
79%
#10 Rey The Force Awakens The Force Awakens Jedi Padawan Green Lightsaber
78%
#14 Kylo Ren The Force Awakens The Force Awakens Sith Lord Red Lightsaber
74%
#18 Count Dooku Revenge of the Sith Revenge of the Sith Sith Lord Red Lightsaber
73%
#15 Finn The Force Awakens The Force Awakens Resistance Blaster
69%
#17 Wicket Return of the Jedi Return of the Jedi Ewok Spear
57%
#20 Jabba the Hut Return of the Jedi Return of the Jedi Cartel Leader Henchmen
52%
#16 Lando A New Hope Return of the Jedi Rebel Blaster
45%
#13 Darth Sidius The Phantom Menace Return of the Jedi Sith Emperor Lightning Powers
32%
No matching quizzes found
Score Distribution
Percent of People with Each Score
Percentile by Number Answered
Your Score History
You have not taken this quiz